| 000 | 00646nam a2200241Ia 4500 | ||
|---|---|---|---|
| 003 | OSt | ||
| 005 | 20220918214426.0 | ||
| 006 | a|||||r|||| 00| 0 | ||
| 007 | ta | ||
| 008 | 220917b |||||||| |||| 00| 0 eng d | ||
| 024 | _a137,459 | ||
| 037 | _cTextual | ||
| 040 |
_aARTS _cARTS _beng |
||
| 041 |
_2eng _aeng |
||
| 082 | _aXM2.55, M5 | ||
| 100 |
_aLidtke Vernon L _9113097 |
||
| 245 | 0 |
_aAlternative culture _b socialist labour in imperial Germany |
|
| 260 |
_aNew York _bOUP ` _c1985 |
||
| 300 |
_aix,299p. _ccm. |
||
| 650 | _aECONOMICS | ||
| 942 |
_hXM2.55, M5 _cTEXL _2CC |
||
| 999 |
_c260540 _d260540 |
||